000 00429nam a2200157Ia 4500
008 241217s9999||||xx |||||||||||||| ||und||
020 _a9780782119534
_c54.7
040 _beng
_cSSK Library
_erda
082 _a005.133 CRA
100 _a Sharon Crawford & Neil J. Salkind -
245 0 _aAbcs Of Windows 98
260 _b Sybex
_c©1998
942 _2Dewey Decimal Classification
_cBOOK
_nNo
999 _c24530
_d24530
003 OSt
005 20241217112930.0